Länder, Die Deutschland Nach Namen Und Länge Am Nächsten Sind - Statistics

General Stats
  • This quiz has been taken 27 times
  • The average score is 2 of 9
Answer Stats
Buchstaben Land Distanz % Correct
6 Polen 0km/mi
74%
7 Dänemark 0km/mi
35%
11 Schweiz 0km/mi
26%
10 Luxemburg 0km/mi
22%
5 Italien 47 km (29 mi)
17%
4 Tschad 2,260 km (1,404 mi)
13%
8 Slowakei 42 km (26 mi)
9%
9 Litauen 68 km (42 mi)
4%
12 Vereinigtes Königreich 298 km (185 mi)
0%
No matching quizzes found
Score Distribution
Percent of People with Each Score
Percentile by Number Answered
Your Score History
You have not taken this quiz